000 01078nam0a22002891 4500
001 rc\2238496
005 20250623065454.0
035 _a(NLR Aleph) 006648965
090 _a4773706
_c4773706
100 _a20110829d1978 |||y0rusy50 ca
101 0 _arus
102 _aRU
105 _ay z |||||
200 1 _aЭкономическое стимулирование сельского хозяйства в зарубежных странах
_f[Принимали участие: Легкий Н.Т., Николаев А.С., Алешина И.М. и др.]
210 _aМосква
_cВНИИТЭИСХ
_d1978
215 _a66 с.
_d20
300 _aВ надзаг.: ВНИИ информ. и техн.-экон. исслед. по сел. хоз-ву
333 _aДСП. Экз. № 14
702 1 _aНиколаев
_bА.С.
_4570
702 1 _aАлешина
_bИ.М.
_4570
702 1 _aЛегкий
_bН.Т.
_4570
801 0 _aRU
_bNLR
_gpsbo
801 1 _aRU
_bELAR
_2rusmarc
852 _aNLR
_j78-50К/3809
899 _aRuMoRGB
_jСХ
942 _cBOOK
980 _aNB